<?xml version="1.0" encoding="UTF-8"?>
<collection xmlns="http://www.loc.gov/MARC21/slim">
  <record>
    <leader>00000nam  2200000   4500</leader>
    <controlfield tag="001">INLIS000000000005183</controlfield>
    <controlfield tag="005">20240205013102</controlfield>
    <datafield tag="035" ind1="#" ind2="#">
      <subfield code="a">0010-0419000143</subfield>
    </datafield>
    <controlfield tag="007">ta</controlfield>
    <controlfield tag="008">240205################g##########0#ind##</controlfield>
    <datafield tag="082" ind1="#" ind2="#">
      <subfield code="a">350 Mus d</subfield>
    </datafield>
    <datafield tag="084" ind1="#" ind2="#">
      <subfield code="a">350 Mus d</subfield>
    </datafield>
    <datafield tag="100" ind1="#" ind2="#">
      <subfield code="a">Lembaga Administrasi Negara</subfield>
    </datafield>
    <datafield tag="245" ind1="1" ind2="#">
      <subfield code="a">Dimensi-Dimensi Pokok Sistem Administrasi Negara Kesatuan Republik Indonesia /</subfield>
      <subfield code="c">Mustopadidjaja AR</subfield>
    </datafield>
    <datafield tag="260" ind1="#" ind2="#">
      <subfield code="a">Jakarta :</subfield>
      <subfield code="b">Lembaga Administrasi Negara,</subfield>
      <subfield code="c">2002</subfield>
    </datafield>
    <datafield tag="300" ind1="#" ind2="#">
      <subfield code="a">50 hlm. ;</subfield>
      <subfield code="c">21 cm.</subfield>
    </datafield>
    <datafield tag="650" ind1="#" ind2="4">
      <subfield code="a">Sistem Administrasi Negara</subfield>
    </datafield>
    <datafield tag="520" ind1="#" ind2="#">
      <subfield code="a">Administrasi Negara adalah administrasi mengenai negara dalam keseluruhan arti, unsur, fenomena dan dinamikanya  dalam mengemban perannya sebagai wahana perjuangan bangsa dalam mewujudkan cita-cita dan tujuan bernegara. Sistem administrasi negara setiap negara bangsa dibangun berdasarkan dan merupakan  penjabaran dari konstitusi negara bersangkutan, demikian juga Indonesia. Sistem Administrasi Negara  Kesatuan Republik Indonesia (SANKRI) dibangun atas dasar UUD 1945. Pada Pembukaan UUD 1945 terkandung dimensi-dimensi nilai SANKRI berisikan  dasar negara, cita-cita dan tujuan bernegara, bentuk negara, dan sistem  penyelenggaraan pemerintahan negara yang memanifestikan nilai-nilai kemanusiaan dan peradaban  yang luhur dan universal. &#13;
Penempatan nilai-nilai tersebut dalam konstitusi negara mengimperasikan kepada para penyelenggara  negara, aparatur negara  dan warga negara, untuk senantiasa memperhatikan  dan mengaktualisasikannya dalam penyelenggaraan negara dan pembangunan bangsa. Peran dan tanggung jawab disiplin dan sistem administrasi negara adalah mengaktualisasikan  dan mewujudkan dimensi-dimensi nilai SANKRItersebut dalam kehidupan bernegara, membumikannya dalam kehidupan  nyata. Dan tanggung jawab tersebut mungkin diemban secara arif dan efektif, apabila SDM dalam SANKRI memiliki kompetensi sesuai. SANKRI dipengaruhi dan mempengaruhi  berbagai faktor  lingkungan, baik lingkungan sosial politik, ekonomi, sosial budaya, agama dan hankam, maupun lingkungan hidup seperti faktor geografis, sumber daya alam, dan kondisi Indonesia sebagai negara kepulauan.</subfield>
    </datafield>
    <datafield tag="856" ind1="#" ind2="#">
      <subfield code="a">Perpustakaan Lembaga Administrasi Negara RI.</subfield>
    </datafield>
    <datafield tag="020" ind1="#" ind2="#">
      <subfield code="a">9798619307</subfield>
    </datafield>
    <datafield tag="990" ind1="#" ind2="#">
      <subfield code="a">B1902049</subfield>
    </datafield>
    <datafield tag="990" ind1="#" ind2="#">
      <subfield code="a">03090379</subfield>
    </datafield>
    <datafield tag="990" ind1="#" ind2="#">
      <subfield code="a">03090377</subfield>
    </datafield>
  </record>
</collection>
